| 000 | 03555nam a2200469 a 4500 | ||
|---|---|---|---|
| 003 | CHAP | ||
| 005 | 20241009114422.0 | ||
| 007 | cr ||||||a|c|a | ||
| 008 | 101027s2010 mx r 00010 spa d | ||
| 035 | _a111239 | ||
| 040 | _cCHAP | ||
| 090 | _aTesis | ||
| 100 | 1 |
_aSalgado Castro, Moisés. _9101576 |
|
| 245 | 1 | 0 |
_aAnálisis de riego de la caña de azúcar (Saccharum sp.) ante el establecimiento de la roya naranja (Puccicinia Kuehnii (Kruger) Butler) en México _c/por Moisés Alberto Salgado Castro; director Bertha Tlapal Bolaños |
| 264 | 1 |
_aChapingo, Méx. : _bEl autor, _c2010. |
|
| 300 |
_a1 recurso en línea (83 páginas): _bCuadros, figuras |
||
| 336 |
_2rdacontent _atexto _btxt |
||
| 337 |
_2rdamedia _acomputadora _bc |
||
| 338 |
_2rdacarrier _arecursos en linea _bcr |
||
| 502 |
_aTesis (Ing. Agr. Esp. en Parasitología Agrícola) -- UACH. Departamento de Parasitología Agrícola _bIAEPA _cParasitología _d2010 _gLIC |
||
| 520 | _aLa roya de la caña de azúcar causada por Puccinia Kuehnii es una enfermedad de suma importancia en las regiones cañeras del mundo. Esta enfermedad se reporto en México por primera vez en los municipios de Villacomaltitlan, Tuzantán, Huehuetán y Huixtla, Estado de Chiapas, en Othón P. Blanco, Estado de Quintana Roo y en Ursulo Galván, Estado de Veracruz. Gracias a los informes de otros países donde la plaga ha sido detectada previamente, como Guatemala y Australia, se considera que esta enfermedad puede causar pérdidas económicas considerables a las variedades susceptibles en la caña de azúcar en los estados productores en México. Por lo que se realizó un análisis de las zonas productoras de caña de azúcar que pudieran estar en riesgo de establecimiento de la enfermedad, presentando aquellas en donde las condiciones de temperatura y humedad sean ideales para el establecimiento de la enfermedad. La germinación de las uredosporas ocurre entre 22 y 30º C, el óptimo es de 26ºC. Considerando las temperaturas y la precipitación se tienen las siguientes zonas que pueden tener un alto riesgo de establecimiento de la enfermedad: Culiacán, Sin., Casimiro Castillo, Jal., Colima., Col., Comala, Col., Coquimatlan, Col, Taretan, Mich., Tlalquitenango, Mor., Tlaltizapan, Mor., Ayala, Mor., Jojutla, Mor., Izúcar de Matamoros, Pue., Chietla, Pue., San Juan Bautista Tuxtepec, Oax., San Miguel Soyaltepec, Oax., Cosamaloapan, Ver., Omealca, Ver., Panuco, Ver., Tierra Blanca, Ver., Champoton, Camp., Tenosique, Tabs., Cardenas, Tabs., Huimanguillo, Tabs., Balancan, Tabs., Cd. Valles, S.L.P., Tamasopo, S.L.P., El Naranjo, S.L.P., El Mante, Tamps y Gómez Fariaz, tamps. | ||
| 590 |
_aALEPH _b10 _c20130110 |
||
| 590 |
_aBATCH-UPD _b10 _c20130110 |
||
| 590 |
_aBATCH-UPD _b10 _c20130410 |
||
| 590 |
_aBATCH-UPD _b10 _c20130914 |
||
| 590 |
_aBATCH-UPD _b10 _c20140324 |
||
| 590 |
_aBATCH-UPD _b10 _c20141002 |
||
| 590 |
_aCONVERSION _b10 _c20130109 |
||
| 650 | 1 | 4 |
_aCaña de azúcar _xEnfermedades. _918598 |
| 650 | 1 | 4 |
_aCaña de azúcar _xTrópicos. _918660 |
| 650 | 1 | 4 |
_aPuccinia. _992819 |
| 650 | 1 | 4 |
_aRiesgos. _997403 |
| 650 | 1 | 4 |
_aRoya naranja. _9100391 |
| 700 | 1 |
_aTlapal Bolaños, Bertha _eDirector _9113464 |
|
| 856 |
_uhttp://10.13.5.2/tesis/111239.pdf _zDESCARGAR PDF |
||
| 901 | _aBK | ||
| 942 |
_cTD _2Clasificación Universidad Autónoma Chapingo |
||
| 949 |
_aTesis _bBC _cTES _d33724002213983 _eTS1 _gDonaciØn _h51217 _i111239 _sb |
||
| 949 |
_aTesis _bBC _cTES _d33724002213991 _eTS2 _fc.2 _gDonaciØn _h51218 _i111239 _sb |
||
| 999 |
_c99581 _d99581 |
||